000 00407nam a2200181Ia 4500
001 822
005 20260306140546.0
008 260306t2020||||xx |||||||||||||| ||spa||
041 _aESP
082 _a170
_bH97
100 _aHusserl, Edmund
_eAUT
245 0 _aIntroducción a la ética
260 _c2020
300 _a364 páginas :
_ccm.
650 _aGEN
654 _aCHU
942 _cLIB
_dJUS
_fJUS
_2ddc
_n
999 _c822
_d822